000 00713nam a2200289Ia 4500
005 20260324134057.0
008 008 260324s9999 xx 000 0 eng d
020 _a9780203469293
037 _aEBOOK
040 _aCRL
040 _beng
040 _cCRL
041 _2eng
041 _aeng
084 _qCRL
100 _aDr Loraine Corrie; Loraine Corrie
_91195485
245 0 _aInvestigating Troublesome Classroom Behaviours
245 0 _bPractical Tools for Teachers
260 _bTaylor and Francis
260 _c2002
365 _a
365 _b290
856 _uhttp://www.taylorfrancis.com/books/9780203469293
942 _cEBOOK
999 _c1795174
_d1795174